000 01464cam a2200157 4500500
005 20260412000541.0
041 _afre
042 _adc
100 1 0 _aCabrejo, Amanda
_eauthor
245 0 0 _aYvonne McDermott, Fairness in International Criminal Trials. Oxford, Oxford University Press, coll. Oxford Monographs in International Humanitarian and Criminal Law, 2016, 220 pages
260 _c2016.
500 _a34
520 _aLa loi n° 2016-1321 du 7 octobre 2016, pour une République numérique (JO 8 oct. 2016), a inséré au code pénal un article 226-2-1 tendant à réprimer plus sévèrement les atteintes à la vie privée présentant un caractère sexuel. Mais la méthode employée à cette fin est insatisfaisante. D'un côté, l'alinéa 1er du nouveau texte instaure une circonstance aggravante dont la teneur est incompatible avec l'une des conditions de constitution des délits auquel elle s'applique, ce qui fait douter de sa nature véritable. De l'autre, l'alinéa 2nd emprunte à l'article 226-2 une formule dans des circonstances telles qu'il pourrait contredire l'interprétation qui en a été faite par la Cour de cassation, ce qui fait douter de la pérennité de celle-ci.
786 0 _nRevue de science criminelle et de droit pénal comparé | 4 | 4 | 2016-10-01 | p. 877a-886a | 0035-1733
856 4 1 _uhttps://droit.cairn.info/revue-de-science-criminelle-et-de-droit-penal-compare-2016-4-page-877a?lang=fr&redirect-ssocas=7080
999 _c2210295
_d2210295